No Judgement - Niall Horan (All Lyrics) - Statistics

General Stats
  • This quiz has been taken 57 times
  • The average score is 289 of 331
Answer Stats
Answer % Correct
a
96%
be
96%
can
96%
don't
96%
have
96%
I
96%
judgement
96%
me
96%
no
96%
No
96%
to
96%
when
96%
When
96%
with
96%
You
96%
you
96%
your
96%
you're
96%
and
93%
And
93%
go
93%
I'm
93%
just
93%
nothin'
93%
on
93%
around
89%
else
89%
from
89%
that
89%
We
89%
we
89%
yourself
89%
any
86%
get
86%
mind
86%
what's
86%
change
82%
everyone
82%
like
82%
of
82%
stay
82%
prove
79%
say
79%
So
79%
ahead
75%
bottle
75%
'Cause
75%
for
75%
in
75%
the
75%
tonight
75%
wine
75%
ya
75%
It's
71%
nothing
71%
though
71%
time
71%
anyone
68%
Barefoot
68%
cry
68%
Even
68%
hide
68%
know
68%
lover
68%
months
68%
morning
68%
Or
68%
or
68%
shoulder
68%
warning
68%
both
64%
breakfast
64%
couple
64%
didn't
64%
give
64%
lose
64%
night
64%
out
64%
whoever
64%
yeah
64%
Yeah
64%
talk
61%
got
57%
I'll
57%
never
57%
slip
57%
keep
54%
us
54%
again
50%
move
50%
secrets
50%
hope
46%
we'll
46%
safe
43%
Until
43%
alone
39%
find
36%
ourselves
36%
No matching quizzes found
Score Distribution
Percent of People with Each Score
Percentile by Number Answered
Your Score History
You have not taken this quiz